| 000 | 00949nam a22001937a 4500 | ||
|---|---|---|---|
| 005 | 20230828123908.0 | ||
| 010 | _aB-755454 | ||
| 020 |
_a9789381412039 _c895.00 |
||
| 035 | _aB-755454 | ||
| 037 | _aसाहित्य सहकार प्रकाशन | ||
| 082 | _a821.08 | ||
| 100 |
_aशर्मा,राकेश कुमार _955412 |
||
| 245 |
_aअर्थ विज्ञान और बिहारी सतसई / _cराकेश कुमार शर्मा |
||
| 260 |
_aदिल्ली _bसाहित्य सहकार प्रकाशन _c2021 |
||
| 270 |
_a29/62, गली नं. 11, विश्वास नगर, दिल्ली _bदिल्ली _e110032 |
||
| 300 |
_a272पृ. _c22सेमी(अजिल्द) |
||
| 942 |
_2ddc _cHN _mशर्मारा _h821.08 |
||
| 999 |
_c196881 _d196881 |
||